Les 20 pays les moins peuplés d'Europe - Statistiques

Statistiques générales
  • Ce quiz a été pris 333 fois
    272 depuis la dernière actualisation
  • Le résultat moyen est 17 sur 20
Statistiques - réponses
Nombre d'habitants Pays % Correct
3 36 500 habitants Monaco
96%
1 510 Vatican
95%
9 650 000 habitants Luxembourg
93%
5 80 000 habitants Andorre
92%
4 39 000 habitants Liechtenstein
91%
2 34 000 habitants Saint-Marin
91%
7 535 000 habitants Malte
87%
11 1 325 000 habitants Estonie
86%
12 1 840 000 habitants Lettonie
86%
15 2 730 000 habitants Lituanie
84%
14 2 120 000 habitants Slovénie
84%
19 4 020 000 habitants Croatie
83%
6 375 000 habitants Islande
83%
13 2 090 000 habitants Macédoine du Nord
83%
16 2 835 000 habitants Albanie
82%
18 3 500 000 habitants Moldavie
81%
8 625 000 habitants Monténégro
79%
20 5 040 000 habitants Irlande
75%
17 3 220 000 habitants Bosnie-Herzégovine
72%
10 1 255 000 habitants Chypre
70%
Aucun quiz correspondant
Distribution des résultats
% des personnes avec chaque résultat
Percentile par nombre de réponses
Votre historique - résultats
Vous n’avez pas pris ce quiz depuis la dernière actualisation